00747nam a2200241 a 4500001001300000003000900013005001700022008004100039020001000080082002100090100002800111245005100139260004200190300000900232500003500241505002400276650002300300700002800323902000800351942000700359952012200366999001700488nice12345678IN_TiNIC20260116013513.0050524s1969 dela grp 000 0 eng  ac17500a909.0491411bASH aAshraf, Kanwar Muhammad aLife and Conditions of the People of Hindustan aDelhibMunshiram Manoharlal Pubc1969 a312p aincludes index and biblioraphy2 aBibliography, Index aCivilization-India1 aAshraf, Kanwar Muhammad bSRS cBK 001040708StackRoom-aHMIbHMId2007-06-05g175.00l0o909.0491411 ASHp018565r2007-06-05v175.00w2005-05-24yBK c11247d11247